000 00574nam a2200181Ia 4500
008 090123s9999 xx 000 0 und d
082 _b15317
100 _aओमप्रकाश
245 _aविक्रांत का इन्साफ
250 _a1
260 _bपुजा पॉकेट बुक्स
300 _a176
600 _aओमप्रकाश
630 _aविक्रांत का इन्साफ
700 _aओमप्रकाश
730 _aविक्रांत का इन्साफ
942 _cBOOK
999 _c53378
_d53378